Normal view
MARC view
- التربية - مناهج بحث - علم نفس - مناهج بحث - علم نفس تربوي - مناهج بحث
Entry Topical Term
001 - CONTROL NUMBER
- control field: 46661
003 - CONTROL NUMBER IDENTIFIER
- control field: JO-AjAnu
005 - DATE AND TIME OF LATEST TRANSACTION
- control field: 20230606081717.0
008 - FIXED-LENGTH DATA ELEMENTS
- fixed length control field: 230606|| aca||aabn | a|a d
040 ## - CATALOGING SOURCE
- Original cataloging agency: JO-AjAnu
- Transcribing agency: JO-AjAnu
150 ## - HEADING--TOPICAL TERM
- Topical term or geographic name entry element: التربية - مناهج بحث - علم نفس - مناهج بحث - علم نفس تربوي - مناهج بحث
670 ## - SOURCE DATA FOUND
- Source citation: Work cat.: (JO-AjAnu)23884: تأليف فان دالين، ديوبولد ب ؛ ترجمة محمد نبيل نوفل، ترجمة سلمان الخضري الشيخ، ترجمة طلعت منصور غبريال ؛ مراجعة سيد أحمد عثمان, author 46660, مناهج البحث في التربية وعلم النفس